000 00608nam a2200217Ia 4500
005 20241129105754.0
008 241129s9999||||xx |||||||||||||| ||und||
020 _a978-1-1789249828
037 _aTB
040 _aARTS
_beng
_cARTS
041 _aeng
_2eng
084 _aX8(J).6 R1
_qARTS
100 _aSumberg James Ed.
_9724674
245 0 _aYouth and the rural economy in Africa: hard work and hazard
_cSumberg James Ed.
260 _aBoston, USA
_bCABI
_c2021
300 _axiii,184p.
365 _aUKP
_b40
650 _aEconomics
942 _cTB
_hX8(J).6 R1
999 _c1225866
_d1225866